000 00481nam a22001577a 4500
999 _c9193
_d9193
008 210326b ||||| |||| 00| 0 eng d
040 _aBMS College of Architecture
100 _aAnu, Srivastava
245 _aSpastic Society at Bangalore Karnataka
300 _a41p.
500 _a1BM03AT004
502 _8B.Arch
_NBMS College of Architecture, Visvesvaraya Technological University
_aProject report
_d2007
650 _aSociety
700 _aSatish Rao
_eGuide
942 _2ddc
_cTHE